Central Library OPAC University of Rajshahi

The effectiveness of a prison and parole system / (Record no. 5923)

MARC details
000 -LEADER
fixed length control field 00742nam a2200265 4500
001 - CONTROL NUMBER
control field 5923
003 - CONTROL NUMBER IDENTIFIER
rucl marc code BD-RjUL
005 - DATE AND TIME OF LATEST TRANSACTION
control field 20211208234144.0
008 - FIXED-LENGTH DATA ELEMENTS--GENERAL INFORMATION
fixed length control field 140108s1969 inu b 001 0 eng d
035 ## - SYSTEM CONTROL NUMBER
System control number (BD-RjUL)5962
040 ## - CATALOGING SOURCE
Original cataloging agency DLC
Transcribing agency DLC
Modifying agency DLC
-- (BD-RjUL)
Language of cataloging eng
041 ## - LANGUAGE CODE
Language code of text/sound track or separate title eng
082 00 - DEWEY DECIMAL CLASSIFICATION NUMBER
Classification number 365
Author mark and year EFF
245 14 - TITLE STATEMENT
Title The effectiveness of a prison and parole system /
Statement of responsibility, etc. Glaser, Daniel.
250 ## - EDITION STATEMENT
Edition statement Abridged ed.
260 ## - PUBLICATION, DISTRIBUTION, ETC. (IMPRINT)
Place of publication, distribution, etc. Indianapolis :
Name of publisher, distributor, etc. Bobbs-Merrill,
Date of publication, distribution, etc. [1969]
300 ## - PHYSICAL DESCRIPTION
Pagination xii, 345 p. ;
Size 21 cm.
350 ## - PRICE (NR) (BK AM CF MU VM SE) [OBSOLETE]
Price 3.75
504 ## - BIBLIOGRAPHY, ETC. NOTE
Bibliography, etc Bibliographical footnotes.
650 #0 - SUBJECT ADDED ENTRY--TOPICAL TERM
Topical term or geographic name as entry element Prisons
Geographic subdivision United States.
9 (RLIN) 18614
Topical term or geographic name as entry element Parole
Geographic subdivision United States.
9 (RLIN) 16840
942 ## - ADDED ENTRY ELEMENTS (KOHA)
Source of classification or shelving scheme Dewey Decimal Classification
Koha item type Books
Holdings
Lost status Source of classification or shelving scheme Damaged status Not for loan Collection code Permanent Location Current Location Shelving location Date acquired Source of acquisition Cost, normal purchase price Total Checkouts Full call number Date last seen Copy number Koha item type
  Dewey Decimal Classification     Non-fiction Central Library, University of Rajshahi Central Library, University of Rajshahi   20/09/1972 Zeitlinger 1.25   365 EFF 1969 08/01/2014 C-3 Books
  Dewey Decimal Classification     Non-fiction Central Library, University of Rajshahi Central Library, University of Rajshahi   20/09/1972 Zeetlinger 1.25   365 EFF 1969 22/08/2016 C-2 Books
  Dewey Decimal Classification   Not For Loan Non-fiction Central Library, University of Rajshahi Central Library, University of Rajshahi Reading Room 15/06/1972 Sweets & Zeetlinger 1.25   365 EFF 1969 28/12/2016 C-1 Books